Apuntes para la biografía del maestro Juan Vaseo / (Record no. 81457)

MARC details
000 -LEADER
campo de control de longitud fija 00656nam a2200181 i 4500
001 - NÚMERO DE CONTROL
campo de control 81457
003 - IDENTIFICADOR DE NÚMERO DE CONTROL
campo de control ES-MaACL
005 - FECHA Y HORA DE LA ÚLTIMA TRANSACCIÓN
campo de control 20230906174436.0
007 - CAMPO FIJO DE DESCRIPCIÓN FÍSICA--INFORMACIÓN GENERAL
campo de control de longitud fija t|
008 - DATOS DE LONGITUD FIJA--INFORMACIÓN GENERAL
campo de control de longitud fija 041104s1920 sp ||||1| spa d
100 1# - ENTRADA PRINCIPAL--NOMBRE DE PERSONA
Nombre de persona Huarte y Echenique, Amalio.
9 (RLIN) 64475
245 10 - MENCIÓN DEL TÍTULO
Título Apuntes para la biografía del maestro Juan Vaseo /
Mención de responsabilidad, etc. Amalio Huarte y Echenique.
260 ## - PUBLICACIÓN, DISTRIBUCIÓN, ETC.
Lugar de publicación, distribución, etc. Madrid :
Nombre del editor, distribuidor, etc. [s.n.],
Fecha de publicación, distribución, etc. 1920 (
Fabricante Imp. de la Revista de archivos, bibliotecas y museos)
300 ## - DESCRIPCIÓN FÍSICA
Extensión 17 p. ;
Dimensiones 24 cm.
595 ## -
-- Separata de: Revista de archivos, bibliotecas y museos, año 23, oct. a dic. de 1919, n. 10-12.
600 14 - PUNTO DE ACCESO ADICIONAL DE MATERIA--NOMBRE DE PERSONA
Nombre de persona Vaseo, Juan.
9 (RLIN) 170828
852 ## - LOCALIZACIÓN
Ubicación ES-MaACL
Número de control de estantería 1606-F-22
Holdings
Estatus retirado Estado de pérdida Estado de daño No para préstamo Colección Biblioteca de origen Biblioteca actual Ubicación en estantería Fecha de adquisición Fuente de adquisición Total de préstamos Signatura topográfica completa Código de barras Visto por última vez Precio de reemplazo Tipo de ítem Koha
        Colección de folletos Biblioteca del Ateneo de Madrid Biblioteca del Ateneo de Madrid Depósito folletos 17/01/2008     1606-F-22 1085149 23/02/2023 23/02/2023 Folleto